| 000 | 00432nam a2200157 a 4500 | ||
|---|---|---|---|
| 001 | 000040188 | ||
| 005 | 20201002033954.0 | ||
| 008 | 130814s1973 ag 000 0 spa d | ||
| 040 |
_aDO-SdBNP _bspa _cBNPHU |
||
| 082 | _axxx | ||
| 100 | 1 |
_aCortázar, Julio _922782 |
|
| 245 | 1 | 4 |
_aLas armas secretas / _cJulio Cortazár. |
| 250 | _a13a ed. | ||
| 260 |
_aBuenos Aires, Argentina : _bSudamericana, _c1973. |
||
| 300 |
_a221 p. ; _c18 cm. |
||
| 999 |
_c39678 _d39678 |
||